| 000 | 00882nas a2200301 4500 | ||
|---|---|---|---|
| 001 | BR0801701 | ||
| 003 | BR-BrBNA | ||
| 005 | 20231205111739.0 | ||
| 007 | ta | ||
| 008 | 230509b bl.|||p| |||| 00| 00por d | ||
| 040 |
_aBR-BrBNA _bpor _cBiblioteca Nacional de Agricultura |
||
| 041 | _a(Pt) | ||
| 072 | _aL70 | ||
| 100 | 1 | _aBolson, J. | |
| 100 | 1 | _aOrnes, R.C. | |
| 100 | 1 | _aFlores, M.L. | |
| 100 | 1 | _aSchossler, J.E.W. | |
| 100 | 1 | _aDenardin, A.J.A. | |
| 100 | 1 | _aFontoura, R.P. | |
| 245 | 1 |
_aEsofagotomia para retirada de corpo estranho em ema (Rhea americana) _bRelato de dois casos |
|
| 650 | _aEMA | ||
| 650 | _aANIMAL SELVAGEM | ||
| 650 | _aESÔFAGO | ||
| 650 | _aVETERINÁRIA | ||
| 773 | 0 |
_tA Hora Veterinária (Brazil) _xISSN 0101-9163 _g(Jul-Aug 2005), v. 25(146) p. 47-50 _wBR0801701 |
|
| 909 |
_a202311 _bLúcia _c55 _dLúcia Elande |
||
| 942 |
_2AGRIS _n0 _cANA |
||
| 999 |
_c194293 _d194293 |
||